000 00276nam a22001217a 4500
008 171124b xxu||||| |||| 00| 0 eng d
041 _aeng
080 _a61
100 _a4
101 _aMP
245 _aCALCULATIONS FOR THE MEDICAL LABORATORY
_cREMSON,S.T
942 _2udc
_cBK
999 _c38420
_d38420